| 000 | 00885nam a2200241 a 4500 | ||
|---|---|---|---|
| 001 | BRCA_8407 | ||
| 005 | 20190320210251.0 | ||
| 008 | 070415s2013----mx-a######---#000-0#spa-# | ||
| 020 | _a9786079629304 | ||
| 041 | _aspa | ||
| 044 | _amx | ||
| 050 | 4 |
_aND259.K3 _b.T63 2013 |
|
| 245 | 1 | 0 |
_aTodo el universo Frida Kahlo _bel mundo México _cidea original Hilda Trujillo ; puesta en página Pablo Ortiz Monasterio ; coordinación general Marcella Lembert ; textos Javier Aranda Luna ... [et al.]. |
| 260 |
_aMéxico _bVogue México y Latinoamérica _c2013 |
||
| 300 |
_a200 p. _bil. (algunas a color) _c32 cm. |
||
| 600 | 1 | 4 |
_aKahlo, Frida _d1907-1954 _94922 |
| 650 | 1 | 4 |
_aPintoras _ySiglo XX _zMéxico _94923 |
| 700 | 1 |
_aTrujillo, Hilda _921054 |
|
| 700 | 1 |
_aOrtiz Monasterio, Pablo _95341 |
|
| 700 | 1 |
_aLembert, Marcella _921055 |
|
| 700 | 1 |
_aAranda Luna, Javier _921056 |
|
| 942 |
_2lcc _cB |
||
| 999 |
_c8075 _d8075 |
||